| 000 | 01580nam0a22003731 4500 | ||
|---|---|---|---|
| 001 | rc\2177504 | ||
| 005 | 20260121140348.0 | ||
| 035 | _a(NLR Aleph) 006537654 | ||
| 090 |
_a6602232 _c6602232 |
||
| 100 | _a20110826d1978 |||y0rusy50 ca | ||
| 101 | 0 | _arus | |
| 102 | _aRU | ||
| 105 | _ay z ||||| | ||
| 200 | 1 |
_aИзучение в школе Конституции СССР _f[А.Г. Колосков, В.И. Мазуренко, М.С. Васильева и др.] _gПод ред. М.П. Кашина |
|
| 210 |
_aМосква _cПросвещение _d1978 |
||
| 215 |
_a176 с. _d22 |
||
| 225 | 1 | _aПособие для учителей | |
| 300 | _aВ надзаг.: НИИ содерж. и методов обучения АПН СССР | ||
| 300 | _aАвт. указаны на 4-й с. | ||
| 606 |
_aКонституция СССР _jИзучение в школе _2psbo |
||
| 686 |
_aЧ421,6(2)350.1,0 _2rubbk |
||
| 701 | 1 |
_aВасильева _bМ. С. _cканд. пед. наук, методики преподавания _gМария Сергеевна _3RU\NLR\AUTH\770288952 |
|
| 701 | 1 |
_aКолосков _bА. Г. |
|
| 701 | 1 |
_aМазуренко _bВ. И. |
|
| 702 | 1 |
_aКашин _bМ. П. _gМихаил Петрович _4340 |
|
| 712 | 0 | 2 |
_aНИИ содержания и методов обучения _cМосква _3RU\NLR\AUTH\884181 |
| 801 | 0 |
_aRU _bNLR _gpsbo |
|
| 801 | 1 |
_aRU _bELAR _2rusmarc |
|
| 852 |
_aNLR _j79-5/364 |
||
| 899 |
_aRuMoRGB _jБ 78-30/400 |
||
| 899 |
_aRuMoRGB _jБ 78-30/401 |
||
| 942 | _cBOOK | ||
| 980 | _aNB | ||